000 00447nam a22001577a 4500
082 _a531
_bZIE
_cL-5, P-68
100 _aZIEGLER HANS
_939819
245 _aMechanics/
_bHANS ZIEGLER
250 _avol-1.
260 _alondon:
_bAddison-wesley Publishing Company,
_cc1965.
300 _avii, 247 p. :
_bill, ;
526 _a0
_b0
_c0
_d531_000000000000000_ZIE
526 _a0
_b0
_c0
_d531_000000000000000_ZIE
650 _aMCE
_9379
942 _2ddc
_cBK
999 _c544245
_d544245